| 000 | 00743nam a2200241 a 4500 | ||
|---|---|---|---|
| 001 | 000022754 | ||
| 005 | 20200930021758.0 | ||
| 008 | 101117s1973 sp a r 000 0 spa d | ||
| 020 | _a8432504947 | ||
| 040 |
_aDO-SdBNP _bspa _cBNPHU |
||
| 082 |
_a153.7 _bA473m |
||
| 100 | 1 |
_aAlvarez Villar, Alfonso _946753 |
|
| 245 | 1 | 3 | _aEl mundo mágico de la percepción / Alfonso Alvarez Villar. |
| 260 |
_aMadrid : _bDoncel, _c1973. |
||
| 300 |
_a203 p. : _bil. ; _c18 cm. |
||
| 490 | 1 |
_aJoven de Bolsillo; _v49 |
|
| 500 | _aIncluye lista de títulos de la colección | ||
| 650 | 4 |
_aPercepción _935121 |
|
| 650 | 4 |
_aPercepción visual _945230 |
|
| 650 | 4 |
_aPercepción auditiva _945228 |
|
| 830 | 0 |
_aJoven de Bolsillo; _v49 _946754 |
|
| 049 | _aBNGR | ||
| 999 |
_c22251 _d22251 |
||